[Event "Oberliga NRW 2122"]
[Site "Germany"]
[Date "2022.04.10"]
[Round "8.5"]
[White "Kiese, Matthias"]
[Black "Erwich, Marc"]
[Result "1/2-1/2"]
[WhiteElo "2187"]
[BlackElo "2365"]
[PlyCount "31"]
[EventDate "2021.10.31"]
[EventType "team-tourn"]
[EventRounds "9"]
[EventCountry "GER"]
[SourceTitle "EXT 2023"]
[Source "ChessBase"]
[SourceDate "2022.10.05"]
[SourceVersion "1"]
[SourceVersionDate "2022.10.05"]
[SourceQuality "1"]
[WhiteTeam "Bochum II"]
[BlackTeam "Erkenschwick"]
[WhiteTeamCountry "GER"]
[BlackTeamCountry "GER"]

1. d4 d5 2. Nf3 Bg4 3. Ne5 Bf5 4. c4 f6 5. Nf3 dxc4 6. Nc3 a6 7. e4 Be6 8. d5 Bg4 9. Bxc4 b5 10. Be2 e5 11. Nxe5 Bxe2 12. Qxe2 fxe5 13. Qh5+ Kd7 14. Qf5+ Ke8 15. Qh5+ Kd7 16. Qf5+ 1/2-1/2

[Event "Schaffhausen op"]
[Site "Schaffhausen"]
[Date "2022.03.20"]
[Round "5"]
[White "Muller Moingt, Bastien"]
[Black "Kiese, Matthias"]
[Result "0-1"]
[WhiteElo "1694"]
[BlackElo "2183"]
[PlyCount "138"]
[EventDate "2022.03.18"]
[EventType "swiss"]
[EventRounds "5"]
[EventCountry "SUI"]
[SourceTitle "CBM 207 Extra"]
[Source "ChessBase"]
[SourceDate "2022.05.31"]
[SourceVersion "1"]
[SourceVersionDate "2022.05.31"]
[SourceQuality "1"]

1. e4 c5 2. Nf3 d6 3. Bb5+ Bd7 4. Bxd7+ Qxd7 5. 0-0 Nf6 6. Qe2 Nc6 7. c3 e6 8. d4 cxd4 9. cxd4 d5 10. e5 Ne4 11. Be3 Be7 12. Ne1 f6 13. f3 Ng5 14. Nd3 Nf7 15. f4 f5 16. a3 0-0 17. Nd2 Rac8 18. Rfc1 b6 19. Rc3 Na5 20. Rac1 Rxc3 21. Rxc3 Rc8 22. Rxc8+ Qxc8 23. Qd1 Qc6 24. Qc1 Nd8 25. Qxc6 Ndxc6 26. Kf2 Kf7 27. Nc1 h6 28. Ke2 g5 29. Ncb3 Nc4 30. Nxc4 dxc4 31. Nd2 b5 32. g3 gxf4 33. gxf4 Bd8 34. Nf3 Bb6 35. h3 Ne7 36. Bd2 Nd5 37. Kd1 a5 38. Kc2 a4 39. Kd1 Ke7 40. Ke2 Kd7 41. Kf2 Bd8 42. Kg3 Be7 43. Ne1 Ke8 44. Nc2 Kf7 45. Kf3 Bd8 46. Kg3 Bb6 47. Kf3 Ne7 48. Bc3 Nc6 49. Kg3 Bd8 50. Bd2 h5 51. Kf3 Bb6 52. Bc3 h4 53. Ke3 Ne7 54. Be1 Nd5+ 55. Kf3 Bd8 56. Nb4 Nxb4 57. Bxb4 Ke8 58. Ke3 Kd7 59. Kd2 Bb6 60. Ke3 Bd8 61. Bc5 Kc6 62. Ba7 Be7 63. d5+ Kxd5 64. Bb8 c3 65. bxc3 Bxa3 66. Bc7 Bc1+ 67. Kd3 Bxf4 68. Bd8 Bg3 69. Bc7 Bxe5 0-1

[Event "Flims op 9th"]
[Site "Flims"]
[Date "2020.10.11"]
[Round "5"]
[White "Kiese, Matthias"]
[Black "Neuberger, Guido"]
[Result "1/2-1/2"]
[WhiteElo "2188"]
[BlackElo "2221"]
[PlyCount "27"]
[EventDate "2020.10.09"]
[EventType "swiss"]
[EventRounds "5"]
[EventCountry "SUI"]
[SourceTitle "CBM 198 Extra"]
[Source "ChessBase"]
[SourceDate "2020.11.30"]
[SourceVersion "1"]
[SourceVersionDate "2020.11.30"]
[SourceQuality "1"]

1. d4 d5 2. Nf3 Bf5 3. c4 e6 4. Nc3 c6 5. Qb3 Qb6 6. c5 Qxb3 7. axb3 Nd7 8. b4 a6 9. b5 cxb5 10. Nxb5 Rc8 11. Na7 Ra8 12. Nb5 Rc8 13. Na7 Ra8 14. Nb5 1/2-1/2

[Event "BL2-West 1819"]
[Site "Germany"]
[Date "2019.02.24"]
[Round "7.5"]
[White "Ackermann, Hans Werner"]
[Black "Kiese, Matthias"]
[Result "1/2-1/2"]
[WhiteElo "2253"]
[BlackElo "2214"]
[PlyCount "37"]
[EventDate "2018.11.21"]
[EventType "team-tourn"]
[EventRounds "9"]
[EventCountry "GER"]
[SourceTitle "CBM 190 Extra"]
[Source "ChessBase"]
[SourceDate "2019.07.15"]
[SourceVersion "1"]
[SourceVersionDate "2019.07.15"]
[SourceQuality "1"]
[WhiteTeam "Dortmund Hansa"]
[BlackTeam "Bochum SV"]
[WhiteTeamCountry "GER"]
[BlackTeamCountry "GER"]

1. Nf3 Nf6 2. b3 g6 3. Bb2 Bg7 4. g3 b6 5. Bg2 Bb7 6. c4 c5 7. 0-0 0-0 8. d4 cxd4 9. Nxd4 Bxg2 10. Kxg2 d5 11. Na3 dxc4 12. Nxc4 Qd5+ 13. Nf3 Qb7 14. Rc1 Na6 15. Rc2 Rfd8 16. Rd2 Rxd2 17. Qxd2 Ne4 18. Qc1 Rd8 19. Bxg7 1/2-1/2

[Event "BL2-West 1819"]
[Site "Germany"]
[Date "2018.11.11"]
[Round "2.4"]
[White "Kiese, Matthias"]
[Black "Lemmers, Oscar"]
[Result "1/2-1/2"]
[WhiteElo "2215"]
[BlackElo "2334"]
[PlyCount "45"]
[EventDate "2018.11.21"]
[EventType "team-tourn"]
[EventRounds "9"]
[EventCountry "GER"]
[SourceTitle "CBM 190 Extra"]
[Source "ChessBase"]
[SourceDate "2019.07.15"]
[SourceVersion "1"]
[SourceVersionDate "2019.07.15"]
[SourceQuality "1"]
[WhiteTeam "Bochum SV"]
[BlackTeam "Aachen SV"]
[WhiteTeamCountry "GER"]
[BlackTeamCountry "GER"]

1. d4 c5 2. d5 Nf6 3. Nc3 g6 4. e4 d6 5. Nf3 Bg7 6. Bb5+ Bd7 7. a4 0-0 8. h3 Na6 9. 0-0 Nc7 10. Bxd7 Nxd7 11. Qe2 a6 12. a5 Qe8 13. Bf4 f6 14. Ra3 Rb8 15. Rb3 b5 16. axb6 Rxb6 17. Rxb6 Nxb6 18. Ra1 Kh8 19. Qd3 Qb8 20. Re1 Qe8 21. Ra1 Qb8 22. Re1 Qe8 23. Ra1 1/2-1/2

[Event "Oberliga NRW 1718"]
[Site "Germany"]
[Date "2018.02.18"]
[Round "6.6"]
[White "Kiese, Matthias"]
[Black "Ossig, Rainer"]
[Result "1/2-1/2"]
[WhiteElo "2206"]
[BlackElo "2135"]
[PlyCount "49"]
[EventDate "2017.09.17"]
[EventType "team-tourn"]
[EventRounds "9"]
[EventCountry "GER"]
[SourceTitle "EXT 2019"]
[Source "ChessBase"]
[SourceDate "2018.10.10"]
[SourceVersion "1"]
[SourceVersionDate "2018.10.10"]
[SourceQuality "1"]
[WhiteTeam "Bochum SV"]
[BlackTeam "Dinslaken"]
[WhiteTeamCountry "GER"]
[BlackTeamCountry "GER"]

1. d4 e6 2. Nf3 f5 3. g3 Nf6 4. Bg2 d5 5. 0-0 Bd6 6. c4 c6 7. b3 Qe7 8. a4 a5 9. Ba3 Bxa3 10. Nxa3 0-0 11. Nc2 b6 12. Nce1 Bb7 13. Nd3 Na6 14. Rc1 Rfd8 15. Qc2 Ne4 16. Rfd1 c5 17. e3 Rac8 18. Qb2 Nb4 19. Nfe5 Na6 20. Nf4 Nf6 21. h4 Rd6 22. Qe2 Nb4 23. Qb2 Na6 24. Qe2 Nb4 25. Qb2 1/2-1/2

[Event "Oberliga NRW 1718"]
[Site "Germany"]
[Date "2017.11.19"]
[Round "3.5"]
[White "Kiese, Matthias"]
[Black "Kueppers, Timo"]
[Result "0-1"]
[WhiteElo "2206"]
[BlackElo "2157"]
[PlyCount "92"]
[EventDate "2017.09.17"]
[EventType "team-tourn"]
[EventRounds "9"]
[EventCountry "GER"]
[SourceTitle "EXT 2019"]
[Source "ChessBase"]
[SourceDate "2018.10.10"]
[SourceVersion "1"]
[SourceVersionDate "2018.10.10"]
[SourceQuality "1"]
[WhiteTeam "Bochum SV"]
[BlackTeam "Essen Katernberg"]
[WhiteTeamCountry "GER"]
[BlackTeamCountry "GER"]

1. d4 Nf6 2. Nf3 e6 3. Bg5 c5 4. e3 Be7 5. Nbd2 b6 6. Bd3 Bb7 7. 0-0 0-0 8. c3 d6 9. Re1 h6 10. Bxf6 Bxf6 11. Qe2 Nc6 12. Ba6 Qc8 13. Bxb7 Qxb7 14. a3 Rfc8 15. Ne4 Be7 16. Ng3 cxd4 17. exd4 d5 18. Nh5 b5 19. Nd2 a5 20. Qg4 Bf8 21. Nb3 g6 22. Nf4 Kh7 23. h4 b4 24. cxb4 axb4 25. a4 Na5 26. Nxa5 Rxa5 27. h5 g5 28. Nd3 Rc4 29. Ne5 Rc8 30. f4 f5 31. Qe2 Ra6 32. fxg5 hxg5 33. g4 Bg7 34. Qd3 Rf8 35. b3 Raa8 36. Rac1 Rac8 37. Ng6 Rf7 38. Rxc8 Qxc8 39. gxf5 exf5 40. Ne5 Rc7 41. Qd2 Bf6 42. Qxb4 Rc2 43. Nf3 f4 44. Nd2 Qg4+ 45. Kf1 f3 46. Re7+ Kh6 0-1

[Event "Oberliga NRW 1718"]
[Site "Germany"]
[Date "2017.09.17"]
[Round "1.6"]
[White "Kiese, Matthias"]
[Black "Kaehmann, Joerg"]
[Result "1/2-1/2"]
[WhiteElo "2206"]
[BlackElo "2135"]
[PlyCount "57"]
[EventDate "2017.09.17"]
[EventType "team-tourn"]
[EventRounds "9"]
[EventCountry "GER"]
[SourceTitle "EXT 2019"]
[Source "ChessBase"]
[SourceDate "2018.10.10"]
[SourceVersion "1"]
[SourceVersionDate "2018.10.10"]
[SourceQuality "1"]
[WhiteTeam "Bochum SV"]
[BlackTeam "Wattenscheid"]
[WhiteTeamCountry "GER"]
[BlackTeamCountry "GER"]

1. d4 d5 2. Nf3 Nf6 3. c4 e6 4. Nc3 Be7 5. Bg5 Nbd7 6. e3 a6 7. cxd5 Nxd5 8. Bxe7 Qxe7 9. Rc1 c6 10. Bd3 Nxc3 11. Rxc3 e5 12. dxe5 Nxe5 13. Nxe5 Qxe5 14. 0-0 0-0 15. Qe2 Re8 16. f4 Qe7 17. e4 b5 18. Rfc1 Bd7 19. Rc5 Rad8 20. e5 f6 21. Qc2 g6 22. g3 fxe5 23. Rxe5 Qg7 24. Rce1 Rxe5 25. Rxe5 Re8 26. Qc5 Rxe5 27. fxe5 Qf8 28. Qd4 Bh3 29. Qe3 1/2-1/2

[Event "Reykjavik op"]
[Site "Reykjavik"]
[Date "2017.04.24"]
[Round "7"]
[White "Kiese, Matthias"]
[Black "Kavutskiy, Konstantin"]
[Result "0-1"]
[WhiteElo "2247"]
[BlackElo "2347"]
[PlyCount "56"]
[EventDate "2017.04.19"]
[EventType "swiss"]
[EventRounds "10"]
[EventCountry "ISL"]
[SourceTitle "CBM 178 Extra"]
[Source "ChessBase"]
[SourceDate "2017.06.22"]
[SourceVersion "1"]
[SourceVersionDate "2017.06.22"]
[SourceQuality "1"]

1. d4 Nf6 2. Nf3 g6 3. Bf4 Bg7 4. c3 d6 5. e3 0-0 6. h3 b6 7. Nbd2 Nbd7 8. Be2 Bb7 9. 0-0 c5 10. a4 a6 11. Bh2 Ra7 12. Qb3 Qa8 13. Rfd1 Ne4 14. Nxe4 Bxe4 15. Ne1 Nf6 16. Bf3 Rb8 17. Qa3 Qc6 18. b4 Bxf3 19. Nxf3 Rc8 20. bxc5 bxc5 21. Rab1 Ne4 22. Nd2 cxd4 23. Nxe4 dxc3 24. Nxd6 exd6 25. Rxd6 c2 26. Rc1 Qc4 27. Rd2 Rb7 28. Bf4 Rb1 0-1

[Event "Reykjavik op"]
[Site "Reykjavik"]
[Date "2017.04.20"]
[Round "3"]
[White "Kiese, Matthias"]
[Black "Agustsson, Hafsteinn"]
[Result "1-0"]
[WhiteElo "2247"]
[BlackElo "1921"]
[PlyCount "63"]
[EventDate "2017.04.19"]
[EventType "swiss"]
[EventRounds "10"]
[EventCountry "ISL"]
[SourceTitle "CBM 178 Extra"]
[Source "ChessBase"]
[SourceDate "2017.06.22"]
[SourceVersion "1"]
[SourceVersionDate "2017.06.22"]
[SourceQuality "1"]

1. d4 d5 2. Nf3 Nf6 3. c4 e6 4. Nc3 Be7 5. Bg5 0-0 6. e3 b6 7. Rc1 c5 8. cxd5 cxd4 9. Nxd4 exd5 10. Be2 Bb7 11. 0-0 Nbd7 12. Nf5 Nc5 13. Qd4 Ne6 14. Qh4 Nxg5 15. Qxg5 g6 16. Nxe7+ Qxe7 17. Rfd1 Rfd8 18. Rd4 Kg7 19. h4 h6 20. Qf4 Rac8 21. Rcd1 a6 22. Bf3 Rc5 23. a3 Rdc8 24. Nxd5 Nxd5 25. Bxd5 Bxd5 26. Rxd5 Rxd5 27. Rxd5 Rc1+ 28. Kh2 Rc2 29. Qd4+ Kh7 30. Rd8 Qc7+ 31. f4 g5 32. h5 1-0

[Event "NRW Class1 1617"]
[Site "Germany"]
[Date "2017.03.05"]
[Round "7.6"]
[White "Niermann, Tristan"]
[Black "Kiese, Matthias"]
[Result "1-0"]
[WhiteElo "2206"]
[BlackElo "2267"]
[PlyCount "79"]
[EventDate "2016.09.25"]
[EventType "team-tourn"]
[EventRounds "9"]
[EventCountry "GER"]
[SourceTitle "EXT 2023"]
[Source "ChessBase"]
[SourceDate "2022.10.05"]
[SourceVersion "1"]
[SourceVersionDate "2022.10.05"]
[SourceQuality "1"]
[WhiteTeam "Lieme"]
[BlackTeam "Bochum SV"]
[WhiteTeamCountry "GER"]
[BlackTeamCountry "GER"]

1. d4 d5 2. c4 e6 3. Nf3 Nf6 4. g3 Be7 5. Bg2 0-0 6. 0-0 dxc4 7. Qc2 a6 8. a4 Bd7 9. Qxc4 Bc6 10. Bf4 a5 11. Nc3 Na6 12. Rfe1 Bxf3 13. Bxf3 c6 14. e4 Nb4 15. Rad1 Qb6 16. Qe2 Rfe8 17. Bg5 h6 18. Bxf6 Bxf6 19. e5 Be7 20. Be4 Rad8 21. Qg4 Rd7 22. Ne2 Red8 23. Nf4 c5 24. Nh5 g5 25. h4 Rxd4 26. hxg5 hxg5 27. Nf6+ Kf8 28. Qxg5 Bxf6 29. exf6 Qd6 30. Qg7+ Ke8 31. Rxd4 cxd4 32. Bg6 Qf8 33. Rxe6+ Kd7 34. Bxf7 Qc5 35. Re7+ Kd6 36. Qh6 Qf5 37. Qh4 Kc5 38. Rxb7 Qb1+ 39. Kg2 Nd3 40. Qg5+ 1-0

[Event "Gelsenkirchen Silvester op 4th"]
[Site "Gelsenkirchen"]
[Date "2016.12.28"]
[Round "3"]
[White "Kiese, Matthias"]
[Black "Hetzel, Jan"]
[Result "1-0"]
[WhiteElo "2264"]
[BlackElo "1588"]
[PlyCount "173"]
[EventDate "2016.12.27"]
[EventType "swiss"]
[EventRounds "5"]
[EventCountry "GER"]
[SourceTitle "EXT 2019"]
[Source "ChessBase"]
[SourceDate "2018.10.10"]
[SourceVersion "1"]
[SourceVersionDate "2018.10.10"]
[SourceQuality "1"]

1. d4 f5 2. g3 d5 3. Bg2 Nf6 4. Nf3 e6 5. 0-0 Bd6 6. c4 c6 7. b3 0-0 8. Ba3 Bxa3 9. Nxa3 Nbd7 10. Nc2 a5 11. Nce1 b5 12. cxb5 cxb5 13. Nd3 b4 14. a3 bxa3 15. Rxa3 Ba6 16. Nf4 Qb6 17. Qd2 Bb5 18. Ng5 Rfe8 19. Rfa1 h6 20. Ngxe6 Rxe6 21. Nxd5 Nxd5 22. Bxd5 Rae8 23. e3 Nf6 24. Bxe6+ Qxe6 25. Rxa5 Bc6 26. Re5 Qxb3 27. Rxe8+ Nxe8 28. Qa2 Qxa2 29. Rxa2 Bd5 30. Ra5 Nf6 31. f3 Kf7 32. Kf2 g5 33. h3 h5 34. Ra7+ Ke6 35. Ra6+ Ke7 36. g4 hxg4 37. fxg4 fxg4 38. e4 Bc4 39. Ra7+ Ke6 40. e5 Nd7 41. hxg4 Nxe5 42. dxe5 Kxe5 43. Ra5+ Kf6 44. Rf5+ Kg6 45. Re5 Kf6 46. Re4 Bd5 47. Ra4 Be6 48. Ke3 Ke5 49. Re4+ Kf6 50. Kd4 Bc8 51. Kc5 Bd7 52. Kd5 Bb5 53. Re6+ Kf7 54. Kd6 Ba6 55. Re5 Kf6 56. Rf5+ Kg6 57. Ra5 Bc8 58. Ra4 Kf6 59. Re4 Ba6 60. Re8 Bc4 61. Re3 Ba6 62. Rf3+ Kg6 63. Ke5 Bc8 64. Rg3 Bd7 65. Kd6 Bc8 66. Ke7 Ba6 67. Re3 Bc4 68. Re4 Bd5 69. Rb4 Bf3 70. Ke6 Be2 71. Ke5 Bd3 72. Rb6+ Kf7 73. Rf6+ Kg7 74. Rd6 Bc2 75. Rd2 Ba4 76. Kf5 Be8 77. Kxg5 Bg6 78. Rd7+ Bf7 79. Kf5 Kg8 80. Kf6 Bb3 81. g5 Kh8 82. Rd8+ Bg8 83. Rb8 Kh7 84. g6+ Kh8 85. g7+ Kh7 86. Ra8 Bb3 87. Rh8# 1-0

[Event "NRW Class1 1617"]
[Site "Germany"]
[Date "2016.11.13"]
[Round "3.6"]
[White "Bolwerk, Peter"]
[Black "Kiese, Matthias"]
[Result "0-1"]
[WhiteElo "2197"]
[BlackElo "2267"]
[PlyCount "80"]
[EventDate "2016.09.25"]
[EventType "team-tourn"]
[EventRounds "9"]
[EventCountry "GER"]
[SourceTitle "EXT 2023"]
[Source "ChessBase"]
[SourceDate "2022.10.05"]
[SourceVersion "1"]
[SourceVersionDate "2022.10.05"]
[SourceQuality "1"]
[WhiteTeam "Muenster SK"]
[BlackTeam "Bochum SV"]
[WhiteTeamCountry "GER"]
[BlackTeamCountry "GER"]

1. e4 c5 2. Nf3 d6 3. d4 cxd4 4. Nxd4 Nf6 5. Nc3 a6 6. Be3 e5 7. Nb3 Be6 8. Qd2 Nbd7 9. f3 b5 10. 0-0-0 b4 11. Nd5 Bxd5 12. exd5 Nb6 13. Bxb6 Qxb6 14. Bd3 Be7 15. Kb1 0-0 16. Rhe1 a5 17. Be4 a4 18. Nc1 Ra5 19. g4 a3 20. b3 Rc8 21. Ne2 Rac5 22. Rc1 h6 23. Ng3 Nxe4 24. Nxe4 Bg5 25. Nxg5 hxg5 26. Re4 Rc3 27. h4 gxh4 28. g5 h3 29. f4 exf4 30. Qxf4 Qc5 31. g6 fxg6 32. Qg5 h2 33. Qxg6 Rxb3+ 34. axb3 Qxc2+ 35. Rxc2 h1Q+ 36. Re1 Qxe1+ 37. Ka2 Rxc2+ 38. Qxc2 Qe5 39. Qc8+ Kf7 40. Qd7+ Kf6 0-1

[Event "NRW Class1 1617"]
[Site "Germany"]
[Date "2016.10.23"]
[Round "2.4"]
[White "Kiese, Matthias"]
[Black "De Schampheleire, Glen"]
[Result "1/2-1/2"]
[WhiteElo "2267"]
[BlackElo "2325"]
[PlyCount "44"]
[EventDate "2016.09.25"]
[EventType "team-tourn"]
[EventRounds "9"]
[EventCountry "GER"]
[SourceTitle "EXT 2023"]
[Source "ChessBase"]
[SourceDate "2022.10.05"]
[SourceVersion "1"]
[SourceVersionDate "2022.10.05"]
[SourceQuality "1"]
[WhiteTeam "Bochum SV"]
[BlackTeam "Plettenberg"]
[WhiteTeamCountry "GER"]
[BlackTeamCountry "GER"]

1. d4 Nf6 2. Nf3 e6 3. Bg5 c5 4. e3 d5 5. Nbd2 Nc6 6. c3 Be7 7. Bd3 b6 8. 0-0 Bb7 9. Ne5 Nxe5 10. dxe5 Nd7 11. Bxe7 Qxe7 12. f4 f6 13. Qh5+ Qf7 14. Qxf7+ Kxf7 15. Bb5 Rad8 16. Nf3 a6 17. Bxd7 Rxd7 18. Rad1 Bc6 19. Kf2 h5 20. g3 a5 21. h3 Rdd8 22. Rg1 Ke7 1/2-1/2

[Event "Wiesbaden op 28th"]
[Site "Wiesbaden"]
[Date "2016.08.25"]
[Round "1"]
[White "Kiese, Matthias"]
[Black "Kuenitz, Klaus"]
[Result "1-0"]
[WhiteElo "2268"]
[BlackElo "1775"]
[PlyCount "57"]
[EventDate "2016.08.25"]
[EventType "swiss"]
[EventRounds "7"]
[EventCountry "GER"]
[SourceTitle "CBM 174 Extra"]
[Source "ChessBase"]
[SourceDate "2016.10.10"]
[SourceVersion "1"]
[SourceVersionDate "2016.10.10"]
[SourceQuality "1"]

1. d4 f5 2. g3 Nf6 3. Bg2 d5 4. Nf3 e6 5. 0-0 c6 6. c4 Be7 7. b3 0-0 8. Ba3 Ne4 9. e3 Nd7 10. Qc1 Ndf6 11. Ne5 Bd7 12. Bxe7 Qxe7 13. f3 Nd6 14. Qa3 Rfc8 15. Nd2 a5 16. Rae1 f4 17. exf4 Nf5 18. Qb2 a4 19. Bh3 g6 20. c5 Qd8 21. b4 b6 22. Qc3 Qc7 23. a3 Rcb8 24. Rf2 bxc5 25. Qxc5 Rb5 26. Qc3 Qb6 27. g4 Qxd4 28. Qxd4 Nxd4 29. g5 1-0

[Event "Ruhrgebiet Regionalliga 1516"]
[Site "Germany"]
[Date "2016.02.07"]
[Round "6.6"]
[White "Kiese, Matthias"]
[Black "Kucheyda, Joerg"]
[Result "1-0"]
[WhiteElo "2185"]
[BlackElo "1941"]
[PlyCount "87"]
[EventDate "2015.09.13"]
[EventType "team-tourn"]
[EventRounds "9"]
[EventCountry "GER"]
[SourceTitle "EXT 2022"]
[Source "ChessBase"]
[SourceDate "2021.10.06"]
[SourceVersion "1"]
[SourceVersionDate "2021.10.06"]
[SourceQuality "1"]
[WhiteTeam "Bochum SV"]
[BlackTeam "Gladbeck SG"]
[WhiteTeamCountry "GER"]
[BlackTeamCountry "GER"]

1. d4 Nf6 2. Nf3 g6 3. g3 b6 4. Bg2 Bb7 5. 0-0 Bg7 6. c4 0-0 7. Nc3 d6 8. Qc2 c5 9. d5 Na6 10. e4 e5 11. Ne1 Ne8 12. a3 Bc8 13. Nd3 f5 14. f4 exf4 15. Bxf4 g5 16. Bd2 Nac7 17. Rae1 Rb8 18. e5 dxe5 19. Nxe5 Bxe5 20. Rxe5 Nd6 21. b3 Re8 22. Rxe8+ Ncxe8 23. Nd1 Nf7 24. Bc3 Ned6 25. Bb2 Bd7 26. Nf2 Qf8 27. Nd3 Re8 28. b4 cxb4 29. axb4 Ne4 30. c5 Qh6 31. Re1 Bb5 32. Nf2 bxc5 33. bxc5 Nxf2 34. Rxe8+ Bxe8 35. Qxf2 f4 36. gxf4 gxf4 37. Bc1 Qh5 38. Qf3 Qxf3 39. Bxf3 Ne5 40. Be4 Ng6 41. c6 a5 42. Bf5 Ne7 43. c7 Bf7 44. d6 1-0

[Event "Ruhrgebiet Regionalliga 1415"]
[Site "Germany"]
[Date "2015.03.15"]
[Round "7.4"]
[White "Klasmeier, Jens"]
[Black "Kiese, Matthias"]
[Result "0-1"]
[WhiteElo "2072"]
[BlackElo "2101"]
[PlyCount "58"]
[EventDate "2014.09.28"]
[EventType "team-tourn"]
[EventRounds "9"]
[EventCountry "GER"]
[SourceTitle "EXT 2022"]
[Source "ChessBase"]
[SourceDate "2021.10.06"]
[SourceVersion "1"]
[SourceVersionDate "2021.10.06"]
[SourceQuality "1"]
[WhiteTeam "Borbeck Weisse Dame"]
[BlackTeam "Bochum SV II"]
[WhiteTeamCountry "GER"]
[BlackTeamCountry "GER"]

1. e4 c5 2. Nc3 d6 3. f4 g6 4. Nf3 Bg7 5. d4 cxd4 6. Nxd4 Nc6 7. Be3 Nf6 8. Be2 0-0 9. Nb3 a6 10. Bf3 Be6 11. g4 Rc8 12. g5 Nd7 13. Qd2 Na5 14. Nxa5 Bxc3 15. bxc3 Qxa5 16. Bd4 Bh3 17. Rb1 e5 18. Bg2 Bxg2 19. Qxg2 exd4 20. 0-0 Qxc3 21. f5 b5 22. Rb3 Qxc2 23. Qh3 Ne5 24. Rg3 Rc3 25. fxg6 Rxg3+ 26. hxg3 hxg6 27. Rf4 Qc1+ 28. Kg2 Rc8 29. Rf1 Rc2+ 0-1

[Event "Ruhrgebiet Regionalliga 1415"]
[Site "Germany"]
[Date "2015.02.22"]
[Round "6.4"]
[White "Kiese, Matthias"]
[Black "Dargel, Manuel"]
[Result "1/2-1/2"]
[WhiteElo "2101"]
[BlackElo "2169"]
[PlyCount "68"]
[EventDate "2014.09.28"]
[EventType "team-tourn"]
[EventRounds "9"]
[EventCountry "GER"]
[SourceTitle "EXT 2022"]
[Source "ChessBase"]
[SourceDate "2021.10.06"]
[SourceVersion "1"]
[SourceVersionDate "2021.10.06"]
[SourceQuality "1"]
[WhiteTeam "Bochum SV II"]
[BlackTeam "Hamm Koenigsspringer"]
[WhiteTeamCountry "GER"]
[BlackTeamCountry "GER"]

1. d4 d5 2. c4 e6 3. Nc3 c6 4. Nf3 Bd6 5. e4 dxe4 6. Nxe4 Bb4+ 7. Bd2 Bxd2+ 8. Qxd2 Nf6 9. Bd3 Nxe4 10. Bxe4 Nd7 11. 0-0 0-0 12. Rad1 Re8 13. Rfe1 Nf6 14. Bb1 b6 15. Qf4 Bb7 16. Ne5 Qe7 17. Re3 c5 18. dxc5 Rad8 19. Red3 Rxd3 20. Bxd3 Qxc5 21. Be2 Qb4 22. Qd2 Qxd2 23. Rxd2 Kf8 24. b4 Ke7 25. b5 Rc8 26. Bf3 Rc5 27. Nd3 Rc7 28. Bxb7 Rxb7 29. Nb4 Nd7 30. f4 Rc7 31. Nc6+ Kf6 32. Kf2 g5 33. g3 gxf4 34. gxf4 Nc5 1/2-1/2